'M' Sitcom Surnames Quiz Stats

 Plays Quiz not verified by Sporcle

Score 0/16 Timer 04:00
19 Plays Today
% Correct
Dougal McGuire
94.8%
George Mainwaring
94%
Sam Malone
92.7%
Stan Marsh
88.3%
Zack Morris
87.9%
Ralph Malph
87.3%
Cory Matthews
85.9%
Ted Mosby
85.7%
% Correct
Daphne Moon
83.8%
Jenna Maroney
78.9%
Cody Martin
78.3%
Ronald McDonald
77.1%
LaTasha Mack
72%
Donna Meagle
65.4%
Jennifer Mosely
59.2%
Sonny Munroe
52.4%

You're not logged in!

Compare scores with friends on all Sporcle quizzes.
OR
Log In

Sporcle TV

Today on Sporcle TV


Watch our educational content, quiz creation guides, and fun videos on Sporcle TV.

Show Comments

Extras

Top Quizzes Today


Score Distribution

Your Account Isn't Verified!

In order to create a playlist on Sporcle, you need to verify the email address you used during registration. Go to your Sporcle Settings to finish the process.

Report this User

Report this user for behavior that violates our Community Guidelines.

Details: